000 01136nam a22003377a 4500
001 BR9100354
003 BR-BrBNA
005 20230928093505.0
007 ta
008 230509b bl.||||| |||| 00| 0 por d
040 _aBR-BrBNA
_bpor
_cBiblioteca Nacional de Agricultura
041 _a(Por)
072 _aQ55; Q54
_b1930
_b8952
_b3740
_b5240
_b/G514
090 _ 1930 BR9100354
100 1 _aHenrique, W.
110 1 _aEscola Superior de Agricultura Luiz de Queiroz, Piracicaba, SP (Brasil)
_0Tese (Mestrado)
245 1 _aEfeito do uso de aditivos enzimo-bacterianos sobre a qualidade da silagem de capim-elefante (Pennisetum purpureum, Schum.)
246 1 _aEffects of enzyme-bacterial additives on the quality of elephant-grass silage
260 3 _aPiracicaba, SP (Brasil):
_c1990.
300 _a100 p.
500 _aSummaries (Eng, Por); 18 tables; Bibliography p. 74-90 (83 ref.)
650 _aCAPIM ELEFANTE
650 _aENSILAGEM
650 _aSILAGEM
650 _aADITIVO
650 _aVALOR NUTRITIVO
650 _aOVINO
650 _aSAO PAULO
909 _a202309
_bLucia
_c55
_dLucia Elande
942 _cBK
999 _c45294
_d45294